Interrupción voluntaria del embarazo (Registro nro. 31728)

Detalles MARC
000 -LEADER
fixed length control field 00321 a2200109 4500
001 - CONTROL NUMBER
control field ART_46227
005 - DATE AND TIME OF LATEST TRANSACTION
control field 20260410162006.0
008 - FIXED-LENGTH DATA ELEMENTS--GENERAL INFORMATION
fixed length control field 260409a
100 1# - MAIN ENTRY--PERSONAL NAME
Personal name Flah, Lily R.
245 10 - TITLE STATEMENT
Title Interrupción voluntaria del embarazo
773 0# - HOST ITEM ENTRY
Title Temas de derecho civil
Related parts - Año 4, N° 4 (abr. 2018)
Record control number REV34778

No hay ítems disponibles.